| 000 | 00633nam a2200217 a 4500 | ||
|---|---|---|---|
| 005 | 20240913064616.0 | ||
| 008 | 010924s1998 mx r 000 0 spa d | ||
| 020 | _a8432309710 | ||
| 035 | _aUPN01000112779 | ||
| 049 | _aCG | ||
| 050 | 4 |
_aHQ809 _bE2.4 |
|
| 100 | 1 | _aEcheburúa, Enrique | |
| 245 | 1 | 0 |
_aManual de violencia familiar / _cEnrique Echeburúa, Paz de Corral. |
| 260 |
_aMadrid, Esp. : _bSiglo XXI, _c1998. |
||
| 300 | _a213 p. | ||
| 440 | 0 |
_aManuales. _pPsicología |
|
| 650 | 4 |
_aFamilias _xAspectos psicológicos _914119 |
|
| 650 | 4 |
_aViolencia familiar _95665 |
|
| 700 | 1 |
_aCorral, Paz de, _ecoaut. |
|
| 905 | _aLibro | ||
| 999 |
_c86687 _d86687 |
||